| 000 | 01509nam a22003017a 4500 | ||
|---|---|---|---|
| 001 | 1081 | ||
| 005 | 20250901162121.0 | ||
| 020 | _a9789995054816 | ||
| 040 |
_aFISKH _beng _cFISKH _dFISKH |
||
| 082 | _a495.9 | ||
| 100 | _aDary, Heng | ||
| 245 | _aសៀវភៅរូបភាពកម្ពុជា / | ||
| 246 | _aPicture book Cambodia | ||
| 250 | _a9th Published in August. | ||
| 260 |
_aPhnom Penh : _bSipar, _c2021. |
||
| 300 |
_a22 unnumbered pages : _bcolor illustrations, _c20 x 21 cm. |
||
| 505 | _aG | ||
| 520 | _aពណ៍នាអំពីរូបភាពនៃទីកន្លែងមួយចំនួននៅក្នុងប្រទេសកម្ពុជាដែលមានដូចជា ទីក្រុងភ្នំពេញ ភោជនីយដ្ឋាន ជនបទ ផ្សារ ប្រាសាទអង្គរវត្ត និង វត្ត។ | ||
| 520 | _aThe picture of some places in Cambodia such as Phnom Penh city, restaurant, countryside, market, Angkor Wat temple, and pagoda were introduced. | ||
| 521 |
_a350 _bLexile estimate |
||
| 521 |
_aG
_bRaz-Plus |
||
| 650 |
_aភ្នំពេញ _vផ្សារ _xភោជនិយ៍ដ្ឋាន |
||
| 650 |
_aប្រសាទអង្គរ _vជាយក្រុង _xវត្តអារាម |
||
| 650 |
_aPhnom Penh _vMarket _xRestaurant |
||
| 650 |
_aAngkor _vcountryside _xPagoda |
||
| 700 |
_aSophaleap, Nhoek _cillustrator |
||
| 942 |
_2ddc _cBK _n0 |
||
| 999 |
_c1081 _d1081 |
||